Sanción de la Ley Láinez /

Fue Manuel Láinez, un hombre influyente del roquismo bonaerense, quien impulsó este proyecto modernizador de la educación que culminaría en ley. Conocida como Ley Láinez, la Ley 4874 contribuyó en la lucha contra el analfabetismo

Guardado en:
Autor Principal: Mignona, Sebastián
Autor Corporativo: Canal Encuentro.
Formato: Deslizar
Publicado: Argentina, 2013
Series:Historia de un País, Argentina Siglo XX
Materias:
Acceso en línea:https://www.educ.ar/recursos/117629/sancion-de-la-ley-lainez
Etiquetas: Agregar Etiqueta
Sin Etiquetas, Sea el primero en etiquetar este registro!
LEADER 01317ngm a22003255g 4500
001 CEM.cems023459
008 130507s2013##################0###0#####d
005 20250407194106.0
245 1 0 |a Sanción de la Ley Láinez /  |c Sebastián Mignona. 
260 |a Argentina,  |c 2013 
300 |a 27'. 
490 0 |a Historia de un País, Argentina Siglo XX 
500 |a Consultar en ventanilla. 
590 |a Identificación anterior registrada en SIABUC: D48E. 
538 |a Soporte: DVD - Formato: AVI - Resolución: 720 x 540 - 25fps - Grabación DRD. 
520 |a Fue Manuel Láinez, un hombre influyente del roquismo bonaerense, quien impulsó este proyecto modernizador de la educación que culminaría en ley. Conocida como Ley Láinez, la Ley 4874 contribuyó en la lucha contra el analfabetismo 
100 1 |a Mignona, Sebastián 
710 2 |a Canal Encuentro. 
082 9 8 |/ MIG-4 
653 |a HISTORIA 
653 |a HISTORIA ARGENTINA 
653 |a EDUCACION 
653 |a HISTORIA DE LA EDUCACION 
653 |a ANALFABETISMO 
653 |a MANUEL LAINEZ 
653 |a ESCUELA PUBLICA 
653 |a ESCOLARIZACION 
653 |a SERIE DE TELEVISIÓN 
856 |u https://www.educ.ar/recursos/117629/sancion-de-la-ley-lainez 
859 |a CEMS  |b BIB. CEMS - Depto. Recursos Didacticos  |h 982  |i MIG-4  |k DRD  |p 2102.15  |t Ej.1